Statistics for Jesus

Click here to take the quiz!

General Stats

  • This quiz has been taken 61 times
  • The average score is 9 of 10

Answer Stats

HintAnswer% Correct
Jesus is the Son of ____God
100%
Who was Jesus' earthly father?Joseph
98%
Who was Jesus' mother?Mary
98%
Jesus' first miracle was turning water into what?Wine
96%
He walked on what?Water
96%
in which city was he born?Bethlehem
94%
What was the above's job?Carpenter
84%
In the desert, he was tempted by whom?Satan | The Devil | Beelzebub
82%
He performed many miracles in the Sea of _______Galilee
75%
Name one other person who ascended directly into heavenEnoch | Elijah
47%

Score Distribution

Percentile by Number Answered

Percent of People with Each Score

Your Score History

You have not taken this quiz